[Event "Titled Tue 24th Jun Early"]
[Site "chess.com INT"]
[Date "2025.06.24"]
[Round "9"]
[White "Castillo, Santiago"]
[Black "Duarte Cramer, Lily Jeanette"]
[Result "1-0"]
[BlackTitle "WCM"]
[WhiteElo "2163"]
[BlackElo "1828"]
[WhiteFideId "108936"]
[BlackFideId "29620180"]
[EventDate "2025.06.24"]

1. e4 c5 2. Nf3 d6 3. d4 cxd4 4. c3 dxc3 5. Bc4 Nf6 6. e5 d5 7. Bb5+ Bd7 8. Nxc3
Bxb5 9. Nxb5 Ne4 10. Qxd5 Qxd5 11. Nc7+ Kd7 12. Nxd5 Nc6 13. e6+ fxe6 14. Ne3 e5
15. O-O e6 16. Re1 Bd6 17. Ng4 h5 18. Ngxe5+ Nxe5 19. Nxe5+ Bxe5 20. Rxe4 Bf6
21. Bf4 Rhd8 22. Rae1 Re8 23. Rc4 Rac8 24. Rd1+ Ke7 25. Re4 Rc6 26. Re2 Rd8 27.
Rde1 Kf7 28. g3 g5 29. Be3 a6 30. b3 Rdc8 31. h3 Rc2 32. Kg2 Rxe2 33. Rxe2 Rc3
34. g4 h4 35. Rd2 Rc7 36. Bb6 Rc6 37. Rd7+ Kg6 38. Rxb7 Rc2 39. a4 Rb2 40. Be3
Rc2 41. Rb6 e5 42. Rxa6 Rc3 43. Rb6 Kf7 44. a5 Bd8 45. Rb7+ Ke6 46. a6 Rc6 47.
a7 Ra6 48. Rb8 Bc7 49. a8=Q Rxa8 50. Rxa8 Kd5 51. b4 Kc4 52. Rc8 Kd3 53. Rxc7
Ke4 54. b5 Kd3 55. b6 Ke4 56. b7 Kd3 57. b8=Q Ke4 58. Qb7+ Kd3 59. Qd5+ Ke2 60.
Qd2# 1-0

[Event "Titled Tue 24th Jun Early"]
[Site "chess.com INT"]
[Date "2025.06.24"]
[Round "9"]
[White "Sipila, Vilka"]
[Black "Rogov, Matfey"]
[Result "0-1"]
[WhiteTitle "IM"]
[BlackTitle "FM"]
[WhiteElo "2465"]
[BlackElo "2348"]
[WhiteFideId "505455"]
[BlackFideId "44191308"]
[EventDate "2025.06.24"]

1. b3 e5 2. Bb2 Nc6 3. e3 d5 4. Bb5 Ne7 5. c4 a6 6. Bxc6+ Nxc6 7. cxd5 Qxd5 8.
Nf3 e4 9. Nd4 Nxd4 10. Bxd4 Qg5 11. Kf1 c5 12. Bb2 Bf5 13. Nc3 Bd6 14. h4 Qe7
15. Qh5 Qe6 16. Qg5 f6 17. Qxg7 O-O-O 18. Ne2 Be5 19. Nf4 Bxf4 20. exf4 Rhf8 21.
Bc3 Bg4 22. Re1 Qf5 23. f3 exf3 24. Re7 fxg2+ 25. Kxg2 Qd5+ 26. Kh2 Bh3 27. Rg1
Rg8 28. Rc7+ Kb8 29. Rxb7+ Qxb7 30. Qxg8 Rxg8 31. Rxg8+ Ka7 32. Bxf6 Bd7 33. d4
Qd5 34. Rg7 Kb6 35. dxc5+ Kb5 36. Rg2 Bc6 37. a4+ Kb4 38. Rb2 Qf3 39. Be5 Qh1+
40. Kg3 Qg1+ 41. Kh3 Bd7+ 0-1

[Event "Titled Tue 24th Jun Early"]
[Site "chess.com INT"]
[Date "2025.06.24"]
[Round "9"]
[White "Leiva, Gianmarco"]
[Black "Troltenier, Dirk"]
[Result "1-0"]
[WhiteTitle "IM"]
[BlackTitle "FM"]
[WhiteElo "2387"]
[BlackElo "2174"]
[WhiteFideId "3804399"]
[BlackFideId "4606400"]
[EventDate "2025.06.24"]

1. e4 e5 2. Nf3 d6 3. Nc3 Nf6 4. Bc4 Be7 5. h3 O-O 6. d3 Nc6 7. a4 Be6 8. O-O d5
9. exd5 Nxd5 10. Ne4 h6 11. Re1 Re8 12. a5 a6 13. c3 Qd7 14. Ng3 Bf6 15. Nh5 Qd8
16. Qb3 Rb8 17. d4 exd4 18. Nxf6+ Nxf6 19. Bxe6 fxe6 20. Rxe6 Qd5 21. Qxd5 Nxd5
22. Rxe8+ Rxe8 23. cxd4 Re4 24. Ra4 Kf8 25. Bd2 Ke8 26. Kf1 Kd7 27. g3 Na7 28.
Ne5+ Kc8 29. f3 b5 30. axb6 Nxb6 31. Rxa6 Rxd4 32. Bc3 Rd1+ 33. Ke2 Rh1 34. Rxa7
Rxh3 35. Ng4 Rxg3 36. Kf2 Rh3 37. Kg2 Rh5 38. Bxg7 Rg5 39. Bxh6 Rb5 40. Bg7 1-0

[Event "Titled Tue 24th Jun Early"]
[Site "chess.com INT"]
[Date "2025.06.24"]
[Round "9"]
[White "Venskaya, Nika"]
[Black "Young, Cohen"]
[Result "0-1"]
[WhiteTitle "WCM"]
[BlackTitle "CM"]
[WhiteElo "1926"]
[BlackElo "2060"]
[WhiteFideId "13523503"]
[BlackFideId "4317440"]
[EventDate "2025.06.24"]

1. d4 Nf6 2. Nf3 d5 3. g3 c5 4. Bg2 cxd4 5. O-O h6 6. Nxd4 e5 7. Nb3 Nc6 8. c4
dxc4 9. Bxc6+ bxc6 10. Qxd8+ Kxd8 11. Na5 Kc7 12. Nxc4 Nd7 13. Nc3 Ba6 14. Ne3
Bb4 15. Bd2 Bxe2 16. Rfe1 Ba6 17. Ncd5+ cxd5 18. Nxd5+ Kd6 19. Nxb4 Bb7 20. Rad1
Ke6 21. Bc3 f6 22. Rd2 Nc5 23. Red1 Ne4 24. Rd7 Rab8 25. g4 f5 26. gxf5+ Kxf5
27. Rxg7 Ng5 28. Rdd7 Be4 29. Rde7 Rhg8 30. Rxe5+ Kf4 31. Ree7 Rbd8 32. Rd7 Rxd7
33. Rxd7 Bf3 34. Rg7 Nh3+ 35. Kf1 Rd8 36. Rf7+ Kg4 37. Rg7+ Kf4 38. Rf7+ Kg4 39.
Rg7+ Ng5 40. h3+ Kxh3 41. Bd2 Rxd2 42. Nc2 Rd1+ 43. Ne1 Ne4 44. Rg6 Nd2+ 0-1

[Event "Titled Tue 24th Jun Early"]
[Site "chess.com INT"]
[Date "2025.06.24"]
[Round "9"]
[White "Cardozo Munar, Carlos Eduardo"]
[Black "Sarveshwaran V"]
[Result "0-1"]
[WhiteTitle "FM"]
[BlackTitle "CM"]
[WhiteElo "2052"]
[BlackElo "2290"]
[WhiteFideId "4409477"]
[BlackFideId "25699016"]
[EventDate "2025.06.24"]

1. e4 e6 2. d3 d5 3. Nd2 c5 4. g3 Nc6 5. Bg2 d4 6. Ngf3 e5 7. O-O Nf6 8. Qe2 Bd6
9. c3 O-O 10. a3 Re8 11. Nc4 Bc7 12. Bg5 h6 13. Bxf6 Qxf6 14. cxd4 exd4 15. Nh4
Be6 16. f4 Bxc4 17. dxc4 Rad8 18. Rad1 d3 19. Rxd3 Rxd3 20. Qxd3 Qxb2 21. Nf5
Rd8 22. Qb1 Qe2 23. Qxb7 Rd2 24. Nh4 g5 25. fxg5 hxg5 26. Qxc7 Nd8 27. Qxc5 gxh4
28. Qf2 Qd3 29. Qf4 Qd4+ 30. Kh1 hxg3 31. Qxg3+ Kf8 32. Qf4 Qb2 33. Qf3 Qc2 34.
h3 Rd3 35. Qg4 Qxc4 36. Qh4 Qd4 37. Qh6+ Ke8 38. Qf4 Rd2 39. Qf3 Rd3 40. Qf4
Rxa3 41. Qf5 Ra6 42. Qb5+ Rc6 43. Qb7 Nxb7 44. Rf2 Qxf2 45. Kh2 Rc2 46. h4 Qxg2# 0-1

[Event "Titled Tue 24th Jun Early"]
[Site "chess.com INT"]
[Date "2025.06.24"]
[Round "9"]
[White "Pournami S"]
[Black "Lesueur, Gabriel"]
[Result "0-1"]
[WhiteTitle "WCM"]
[BlackTitle "FM"]
[WhiteElo "1749"]
[BlackElo "2278"]
[WhiteFideId "25732439"]
[BlackFideId "45186359"]
[EventDate "2025.06.24"]

1. d4 e5 2. dxe5 d6 3. exd6 Bxd6 4. Nc3 Nc6 5. Nf3 Bg4 6. e4 Nf6 7. Bd3 Qe7 8.
Bg5 O-O-O 9. O-O Nd4 10. Nd5 Qe6 11. Nxd4 Qe5 12. Bf4 Qxd4 13. Qd2 Nxd5 14. Bxd6
Rxd6 15. exd5 Rxd5 16. Rfe1 Rhd8 17. Qc1 Bf5 18. Re3 Bxd3 19. Rxd3 Qe5 20. Re3
Qf6 21. Qe1 Qxb2 22. c4 Qxa1 23. cxd5 Qxe1+ 24. Rxe1 Rxd5 25. g3 Kd7 26. Re2 c5
27. Kg2 b5 28. Kf3 c4 29. Ke3 Rd3+ 30. Ke4 a5 31. Rc2 Rd6 32. f4 Kc6 33. g4 Kc5
34. f5 b4 35. h4 a4 36. Ke5 f6+ 37. Ke4 b3 38. axb3 axb3 39. Rc1 b2 40. Rb1 c3
41. g5 c2 42. Rxb2 c1=Q 43. Re2 Qc4+ 44. Kf3 Rd3+ 45. Kf2 Qf4+ 46. Ke1 Qxf5 0-1

[Event "Titled Tue 24th Jun Early"]
[Site "chess.com INT"]
[Date "2025.06.24"]
[Round "9"]
[White "Sahetchian, Armand"]
[Black "Frempong-Smart Daniel"]
[Result "0-1"]
[WhiteTitle "CM"]
[BlackTitle "CM"]
[WhiteElo "2024"]
[BlackElo "1841"]
[WhiteFideId "607150"]
[BlackFideId "12601659"]
[EventDate "2025.06.24"]

1. d4 Nf6 2. Nf3 d5 3. c4 c5 4. cxd5 cxd4 5. Qxd4 Qxd5 6. Nc3 Qxd4 7. Nxd4 a6 8.
e4 e5 9. Nf5 Bxf5 10. exf5 Nc6 11. Bc4 Bb4 12. Bd2 Nd4 13. O-O O-O 14. a3 Ba5
15. Rfe1 Nc2 16. Rac1 Nxe1 17. Rxe1 Rac8 18. Bb3 Rfe8 19. h3 Rcd8 20. Bg5 h6 21.
Bh4 Bxc3 22. bxc3 Kf8 23. g4 Rd3 24. Rc1 Rxh3 25. Bg3 Nxg4 26. Kg2 Rh5 27. Bc2
e4 28. Rb1 b5 29. a4 Rxf5 30. axb5 Rxb5 31. Ra1 Rb6 32. Ra4 f5 33. Bc7 Rc6 34.
Ba5 Ne5 35. Bb4+ Kf7 36. Ra5 Rg6+ 37. Kf1 Nf3 38. Ke2 Rg1 39. c4 Rg6 40. Rxf5+
Rf6 41. Rd5 Ke6 42. Bxe4 Ng5 43. f3 Nxe4 44. fxe4 Kf7 45. Ke3 g5 46. e5 Rfe6 47.
Rd1 Rxe5+ 48. Kd4 Rd8+ 0-1

[Event "Titled Tue 24th Jun Early"]
[Site "chess.com INT"]
[Date "2025.06.24"]
[Round "9"]
[White "Goryachkina, Aleksandra"]
[Black "Aaron, Deepak"]
[Result "1-0"]
[WhiteTitle "GM"]
[WhiteElo "2533"]
[BlackElo "2318"]
[WhiteFideId "4147103"]
[BlackFideId "2009412"]
[EventDate "2025.06.24"]

1. e4 c5 2. Nf3 Nc6 3. Bb5 e5 4. O-O Bd6 5. c3 a6 6. Ba4 b5 7. Bb3 c4 8. Bc2 Nf6
9. d4 cxd3 10. Qxd3 Bc5 11. a4 Rb8 12. Bg5 O-O 13. Nbd2 h6 14. Bh4 d6 15. Rad1
Bg4 16. h3 Be6 17. axb5 axb5 18. b4 Bb6 19. Bb3 g5 20. Nxg5 hxg5 21. Bxg5 Kg7
22. Qg3 Bxb3 23. Bh4+ Kh7 24. Nxb3 Rg8 25. Qf3 Rg6 26. Nc5 Qe7 27. Bxf6 Rxf6 28.
Qh5+ Rh6 29. Qf5+ Rg6 30. Nd7 Rb7 31. Nxb6 Rxb6 32. Rd3 Qe6 33. Rfd1 Ne7 34.
Qh5+ Rh6 35. Qe2 Rg6 36. Qh5+ Kg7 37. Rf3 Ng8 38. Qh4 Nf6 39. Rg3 Rb8 40. Rxg6+
fxg6 41. f3 Rc8 42. Qe1 Rc6 43. Rd3 Qb3 44. Qd2 Qb1+ 45. Kh2 Qb3 46. Rxd6 Rxd6
47. Qxd6 Qxc3 48. Qe7+ Kh6 49. Qxf6 Qxb4 50. Qxe5 Qc4 51. f4 b4 52. Qh8# 1-0

[Event "Titled Tue 24th Jun Early"]
[Site "chess.com INT"]
[Date "2025.06.24"]
[Round "9"]
[White "Al-Tarboush, Ward"]
[Black "Mishra, Manoj"]
[Result "0-1"]
[WhiteTitle "FM"]
[BlackTitle "CM"]
[WhiteElo "2223"]
[BlackElo "1941"]
[WhiteFideId "7601450"]
[BlackFideId "5006007"]
[EventDate "2025.06.24"]

1. e4 Nf6 2. e5 Nd5 3. d4 d6 4. Nf3 dxe5 5. Nxe5 g6 6. c4 Nb6 7. Nc3 Bg7 8. c5
Nd5 9. Bc4 c6 10. Nxd5 cxd5 11. Bb5+ Bd7 12. Nxd7 Nxd7 13. O-O O-O 14. Be3 Nb8
15. Re1 Nc6 16. Bxc6 bxc6 17. b4 Qb8 18. Rb1 e5 19. dxe5 Bxe5 20. g3 Re8 21. Qf3
Qb5 22. Bg5 Bg7 23. h4 a5 24. h5 Rxe1+ 25. Rxe1 Qxb4 26. Re7 Rf8 27. h6 Bd4 28.
Qf4 Qxc5 29. Bf6 Bxf6 30. Qxf6 Qc1+ 31. Kg2 Qxh6 32. Qxc6 Qg5 33. Rd7 Rd8 34.
Rxd8+ Qxd8 35. Qb5 d4 36. Qd3 Qd5+ 37. Kh2 h5 38. a4 Qd7 39. Qb5 Qd8 40. Qd3 Kg7
41. Kg2 Qa8+ 42. f3 Qd5 43. Kf2 Qa2+ 44. Kf1 Qxa4 45. g4 Qa1+ 46. Kg2 Qc3 47.
Qe4 Qd2+ 48. Kg3 Qe3 49. Qc6 hxg4 50. Kxg4 f5+ 51. Kg3 Qg1+ 52. Kh3 Qf1+ 53. Kg3
Qe1+ 54. Kh3 Qe5 55. Kg2 d3 56. Qd7+ Kh6 57. Qxd3 Qb2+ 58. Kh3 Qb4 59. Qe3+ f4
60. Qe5 Qc4 61. Kg4 Qc8+ 62. Kh4 Qd8+ 63. Kh3 Qd7+ 64. Kg2 Qf5 65. Qh8+ Kg5 66.
Qd8+ Kh6 67. Qh8+ Kg5 68. Qd8+ Qf6 69. Qxa5+ Kh6 70. Qd5 Qg5+ 71. Qxg5+ Kxg5 72.
Kh3 Kh5 73. Kg2 Kh4 74. Kh2 g5 75. Kg2 Kh5 76. Kh3 Kg6 77. Kg4 Kf6 78. Kh3 Kf5
79. Kg2 Ke5 80. Kf2 Kd4 81. Ke2 Kc3 82. Kf2 Kd3 0-1

[Event "Titled Tue 24th Jun Early"]
[Site "chess.com INT"]
[Date "2025.06.24"]
[Round "9"]
[White "Klys, Kacper"]
[Black "Ersoz, Teoman Guney"]
[Result "0-1"]
[WhiteTitle "CM"]
[BlackTitle "CM"]
[WhiteElo "2218"]
[BlackElo "2052"]
[WhiteFideId "21005281"]
[BlackFideId "44537050"]
[EventDate "2025.06.24"]

1. e4 c6 2. Nf3 d5 3. d3 dxe4 4. dxe4 Qxd1+ 5. Kxd1 g6 6. Bc4 Bg7 7. a4 Nf6 8.
Nfd2 Nbd7 9. a5 O-O 10. f3 Ne5 11. Bb3 Rd8 12. Ke2 c5 13. Nc4 Nc6 14. c3 Be6 15.
Be3 Rac8 16. Bxc5 Bxc4+ 17. Bxc4 Ne5 18. Bxe7 Nxc4 19. Bxd8 Rxd8 20. b3 Ne5 21.
Nd2 Kf8 22. Ra4 Nc6 23. b4 Nd7 24. Ra3 a6 25. Nc4 Nde5 26. Nb6 Bh6 27. Nd5 Nc4
28. Raa1 f5 29. Rad1 fxe4 30. fxe4 Re8 31. Nf6 Re6 32. Ng4 Rxe4+ 33. Kf3 Rxg4
34. Kxg4 Ne3+ 35. Kf3 Nxd1 36. Rxd1 Bg7 37. Rc1 Ke7 38. Ke4 Kd6 39. Rd1+ Ke6 40.
Rc1 Be5 41. h3 Bd6 42. Rb1 Ne5 43. Kd4 Nc6+ 44. Ke4 Na7 45. Kd4 Nb5+ 46. Kd3 Be5
47. c4 Nd4 48. Re1 Kd6 49. Re4 Ne6 50. g3 Bxg3 51. Re3 Be5 52. Kc2 h5 53. Rb3
Nd4+ 54. Kb2 Nxb3+ 55. Kxb3 g5 56. b5 axb5 57. cxb5 Kc5 58. Ka4 g4 59. hxg4 hxg4
60. b6 g3 61. Kb3 g2 62. a6 bxa6 0-1

[Event "Titled Tue 24th Jun Early"]
[Site "chess.com INT"]
[Date "2025.06.24"]
[Round "9"]
[White "Dragnev, Valentin"]
[Black "Zdorov, Egor Vit"]
[Result "1-0"]
[WhiteTitle "GM"]
[BlackTitle "CM"]
[WhiteElo "2547"]
[BlackElo "2101"]
[WhiteFideId "1634852"]
[BlackFideId "55688560"]
[EventDate "2025.06.24"]

1. e4 e5 2. Nf3 Nc6 3. Bc4 Bc5 4. d3 Nf6 5. Nc3 h6 6. a3 d6 7. Be3 Bb6 8. O-O
Bg4 9. h3 Bxf3 10. Qxf3 Nd4 11. Qd1 O-O 12. Na4 Ne6 13. Nxb6 axb6 14. Ba2 c6 15.
c3 b5 16. Re1 Re8 17. Qc2 d5 18. Rad1 d4 19. Bc1 Nh5 20. g3 Ng5 21. Kg2 Qd7 22.
Rh1 Rad8 23. cxd4 Qxd4 24. Be3 Qd7 25. d4 exd4 26. Rxd4 Qe7 27. Rxd8 Rxd8 28.
Bb1 Nf6 29. f3 Qe5 30. h4 Ne6 31. Qc3 Qc7 32. Qc2 Qe5 33. Qc3 Qc7 34. Re1 c5 35.
Bf2 Nd4 36. e5 Nd5 37. Qd3 g6 38. Bxd4 cxd4 39. Qxd4 Ne7 40. Qf2 Nc6 41. e6 f5
42. Qc2 Qd6 43. Re2 Nd4 44. Rd2 1-0

[Event "Titled Tue 24th Jun Early"]
[Site "chess.com INT"]
[Date "2025.06.24"]
[Round "9"]
[White "Kovalev, Vladislav"]
[Black "Fedotov, Nikita2"]
[Result "1-0"]
[WhiteTitle "GM"]
[BlackTitle "FM"]
[WhiteElo "2557"]
[BlackElo "2278"]
[WhiteFideId "13504398"]
[BlackFideId "24161446"]
[EventDate "2025.06.24"]

1. e4 e5 2. Nf3 Nc6 3. Bb5 a6 4. Ba4 Nf6 5. O-O Be7 6. d3 d6 7. c4 O-O 8. h3 Bd7
9. Nc3 Re8 10. Be3 Bf8 11. Nd5 h6 12. a3 Rb8 13. Rc1 b5 14. cxb5 axb5 15. Bb3
Nxd5 16. exd5 Ne7 17. Re1 c5 18. dxc6 Bxc6 19. d4 e4 20. d5 Ba8 21. Nh2 b4 22.
a4 Qa5 23. Qh5 g6 24. Qe2 Bxd5 25. Bxd5 Qxd5 26. Ng4 Bg7 27. Bxh6 Nf5 28. Bxg7
Kxg7 29. Red1 Qb3 30. a5 d5 31. Rc7 d4 32. a6 d3 33. Qd2 Rbc8 34. Rdc1 Rxc7 35.
Rxc7 Qa4 36. Qg5 Qxa6 37. h4 Qe6 38. h5 Rh8 39. h6+ Nxh6 40. Ne3 Nf5 41. Nxf5+
Qxf5 42. Qe3 Rd8 43. Qd2 Qe5 44. Rb7 Qd4 45. Rxb4 Qd5 46. b3 Kg8 47. Rc4 Rb8 48.
Qc3 Qb5 49. g3 Kh7 50. Rxe4 Qxb3 51. Rh4+ Kg8 52. Rh8# 1-0

[Event "Titled Tue 24th Jun Early"]
[Site "chess.com INT"]
[Date "2025.06.24"]
[Round "9"]
[White "Devaev, Alexander"]
[Black "Vinolas Anglada, Laura"]
[Result "1-0"]
[WhiteTitle "FM"]
[BlackTitle "WCM"]
[WhiteElo "2306"]
[BlackElo "2059"]
[WhiteFideId "4169395"]
[BlackFideId "24517925"]
[EventDate "2025.06.24"]

1. d4 d5 2. c4 e6 3. Nc3 Bb4 4. e3 Nf6 5. a3 Bxc3+ 6. bxc3 O-O 7. cxd5 exd5 8.
Bd3 c5 9. Ne2 b6 10. O-O Ba6 11. f3 Bxd3 12. Qxd3 Re8 13. Ng3 Nc6 14. Bb2 c4 15.
Qd2 b5 16. Rae1 a5 17. e4 Qb6 18. e5 Nxe5 19. Qg5 Nd3 20. Rb1 Qe6 21. Bc1 Nxc1
22. Rfxc1 Rab8 23. Nf5 g6 24. h3 Kh8 25. Nh6 Kg7 26. Kh2 Qd6+ 27. Kh1 Qe6 28.
Kh2 Nh5 29. Re1 Qf6 30. Qxf6+ Nxf6 31. Ng4 Nxg4+ 32. hxg4 Rxe1 33. Rxe1 Kf6 34.
Re5 b4 35. axb4 axb4 36. cxb4 Rxb4 37. Rxd5 c3 38. Rc5 Rb3 39. Kg3 Ke6 40. Kf4
Kd6 41. Ke4 h6 42. g3 Ke6 43. Rc6+ Kd7 44. Rc4 Ke6 45. Rc6+ Kd7 46. Rc5 Kd6 47.
Rc4 Kd7 48. f4 c2 49. Rxc2 Rxg3 50. Ra2 Rxg4 51. Ra8 1-0

[Event "Titled Tue 24th Jun Early"]
[Site "chess.com INT"]
[Date "2025.06.24"]
[Round "9"]
[White "Cornelisse, Lorelei"]
[Black "Seder, Mohammed"]
[Result "1-0"]
[WhiteTitle "WFM"]
[BlackTitle "FM"]
[WhiteElo "2138"]
[BlackElo "2075"]
[WhiteFideId "1087177"]
[BlackFideId "11505567"]
[EventDate "2025.06.24"]

1. d4 e6 2. e4 c5 3. d5 exd5 4. exd5 d6 5. Nc3 Nf6 6. Nf3 a6 7. a4 g6 8. Be2 Bg7
9. O-O Bg4 10. Nd2 Bxe2 11. Qxe2+ Qe7 12. Qxe7+ Kxe7 13. Nc4 Rd8 14. Bf4 Ne8 15.
Rfe1+ Kf8 16. Ra3 Kg8 17. Nb6 Ra7 18. Re7 Bf8 19. Re2 Nf6 20. Bg5 Kg7 21. Ne4
Be7 22. Nxf6 Bxf6 23. Bxf6+ Kxf6 24. Rf3+ Kg7 25. Re7 Rf8 26. h4 a5 27. Nc4 Ra6
28. Rxb7 h5 29. b3 Kg8 30. Rf6 Kg7 31. Rxd6 Rxd6 32. Nxd6 Na6 33. Ne4 Re8 34.
Ng5 Re5 35. Rxf7+ Kg8 36. Rf6 Nb8 37. Rxg6+ Kf8 38. d6 Nd7 39. Rh6 Rd5 40. Rh8+
Kg7 41. Rh7+ Kf6 42. Rxd7 Ke5 43. Nf3+ Ke6 44. Rd8 Rd1+ 45. Kh2 Rc1 46. d7 Ke7
47. Rc8 Kxd7 48. Rxc5 Kd6 49. Rxa5 Rxc2 50. Rxh5 Rb2 51. Rb5 Kc6 52. h5 Rxf2 53.
Kg3 Re2 54. h6 Re7 55. Rh5 Rh7 56. Ng5 Rh8 57. h7 Rxh7 58. Rxh7 Kc5 59. Nf3 Kb4
60. Kf2 Ka5 61. g4 Kb4 62. g5 Ka5 63. g6 Kb4 64. g7 Ka5 65. g8=Q Kb4 66. Qc4+
Ka3 67. Qc1+ Kb4 68. Rh4+ Kxb3 69. Nd2+ Ka2 70. Qb1+ Ka3 71. Qb3# 1-0

[Event "Titled Tue 24th Jun Early"]
[Site "chess.com INT"]
[Date "2025.06.24"]
[Round "9"]
[White "Sturt, Raven"]
[Black "Bratovic, Blaz"]
[Result "1-0"]
[WhiteTitle "GM"]
[BlackTitle "IM"]
[WhiteElo "2459"]
[BlackElo "2319"]
[WhiteFideId "2007304"]
[BlackFideId "14603551"]
[EventDate "2025.06.24"]

1. f4 d5 2. Nf3 g6 3. e3 Bg7 4. c4 d4 5. Nxd4 Bxd4 6. exd4 Qxd4 7. Nc3 c6 8. d3
Nh6 9. h3 Nf5 10. Qf3 Na6 11. g4 Ng7 12. Be3 Qd6 13. O-O-O O-O 14. Ne4 Qb4 15.
f5 b5 16. Bd2 Qa4 17. Nc3 Qa5 18. cxb5 cxb5 19. Qxa8 b4 20. Qd5 Qc7 21. Qc4 bxc3
22. Bxc3 Qb7 23. Rg1 Bd7 24. Bg2 Qb6 25. Qd4 Qxd4 26. Bxd4 f6 27. Bb7 Nc7 28.
Bxa7 gxf5 29. gxf5 Bxf5 30. a4 Kf7 31. b4 Nge6 32. b5 Rd8 33. d4 Nd5 34. Bxd5
Rxd5 35. Kb2 Bxh3 36. Kc3 h5 37. Kc4 Rd7 38. Bb6 Bg4 39. Rd2 Ng5 40. Rh1 Bf3 41.
Ra1 h4 42. a5 Bd5+ 43. Kb4 h3 44. a6 Nf3 45. Rdd1 h2 46. Rh1 e6 47. a7 Ba8 48.
Bc5 f5 49. b6 Kf6 50. Ra2 Rh7 51. d5 Rh4+ 52. Kb5 exd5 53. Re2 Rh7 54. Re8 Bb7
55. a8=Q Bxa8 56. Rxa8 d4 57. Ra7 Rh8 58. b7 d3 59. Ra8 d2 60. Rxh8 1-0

[Event "Titled Tue 24th Jun Early"]
[Site "chess.com INT"]
[Date "2025.06.24"]
[Round "9"]
[White "Tikhonov, Viacheslav"]
[Black "Ribeiro, Gustavo"]
[Result "1-0"]
[WhiteTitle "CM"]
[BlackTitle "FM"]
[WhiteElo "2183"]
[BlackElo "2314"]
[WhiteFideId "44196407"]
[BlackFideId "1941852"]
[EventDate "2025.06.24"]

1. e4 e5 2. Nf3 Nc6 3. Bc4 Nf6 4. Ng5 d5 5. exd5 Na5 6. Bb5+ c6 7. dxc6 bxc6 8.
Be2 Nd5 9. d4 Be7 10. Nf3 e4 11. Ne5 O-O 12. O-O f6 13. Nc4 Nxc4 14. Bxc4 f5 15.
f3 Kh8 16. fxe4 fxe4 17. Nc3 Nxc3 18. bxc3 Bb7 19. Be3 Qa5 20. Qg4 Qxc3 21. Qxe4
Qxc4 22. Qxe7 Rxf1+ 23. Rxf1 Ba6 24. Rf8+ Rxf8 25. Qxf8+ Qg8 26. Qxg8+ Kxg8 27.
d5 cxd5 28. Bxa7 Kf7 29. Kf2 Ke6 30. Ke3 g5 31. g4 Kd6 32. Bd4 Ke6 33. Bb6 Kd7
34. a4 h6 35. Bd4 Ke6 36. Bg7 d4+ 37. Kxd4 Be2 38. Bxh6 Kf6 39. a5 Bxg4 40. a6
Bf3 41. a7 g4 42. Bf4 Ke6 43. Kc5 Kd7 44. Kb6 Kc8 45. c4 Kd7 46. Bg3 Bg2 47. Kc5
Bf3 48. Bf4 Bg2 49. Be3 Bf3 50. Kd4 Bg2 51. Ke5 Bf3 52. Kf4 Kc6 53. a8=Q+ 1-0

[Event "Titled Tue 24th Jun Early"]
[Site "chess.com INT"]
[Date "2025.06.24"]
[Round "9"]
[White "Jasinski, Alexander"]
[Black "Plichta, Kamil"]
[Result "0-1"]
[BlackTitle "FM"]
[WhiteElo "1989"]
[BlackElo "2361"]
[WhiteFideId "55627994"]
[BlackFideId "1141830"]
[EventDate "2025.06.24"]

1. e4 g6 2. d4 Bg7 3. Nf3 c5 4. Be3 Nf6 5. Nc3 Qa5 6. Bd3 Ng4 7. O-O O-O 8. Nd5
Nc6 9. c3 Nxe3 10. fxe3 e6 11. Nf4 d6 12. Kh1 Qd8 13. Bb5 Qb6 14. Bxc6 Qxc6 15.
Qc2 b6 16. Rad1 Bb7 17. d5 Qd7 18. dxe6 fxe6 19. Qb3 Rae8 20. Ng5 d5 21. exd5
exd5 22. Nf3 c4 23. Qa3 Rxe3 24. Nd4 a6 25. Qb4 b5 26. Qc5 Rfe8 27. Nf3 R3e4 28.
Nxd5 Bxd5 29. Rxd5 Qg4 30. Qc7 R4e7 31. Qg3 Qxg3 32. hxg3 Re2 33. Rb1 h6 34. Rd6
R8e6 35. Rxe6 Rxe6 36. Rd1 Re2 37. Rd6 Rxb2 38. Rxa6 Bxc3 39. Rxg6+ Kh7 40. Rc6
Rxa2 41. Kh2 Bg7 42. Nh4 c3 43. Nf5 Bf8 44. Rc7+ Kg6 45. Nd4 b4 46. Rc6+ Kf7 47.
Rc7+ Ke8 48. Rc4 Rb2 49. g4 Kd7 50. Kh3 Bg7 51. Nf5 Bf8 52. Nd4 Kd6 53. Rc8 Kd5
54. Nf5 Bc5 0-1

[Event "Titled Tue 24th Jun Early"]
[Site "chess.com INT"]
[Date "2025.06.24"]
[Round "9"]
[White "Dighton, Simon"]
[Black "Bruhovich, Olexandr"]
[Result "0-1"]
[WhiteTitle "CM"]
[BlackTitle "CM"]
[WhiteElo "2237"]
[BlackElo "2208"]
[WhiteFideId "408603"]
[BlackFideId "14119919"]
[EventDate "2025.06.24"]

1. d4 g6 2. e4 d6 3. Nc3 Bg7 4. f4 e6 5. Nf3 Ne7 6. Bd3 O-O 7. O-O b6 8. Be3 f5
9. e5 Bb7 10. Ng5 Qc8 11. Bc4 d5 12. Be2 Ba6 13. Bxa6 Nxa6 14. Qf3 c5 15. Qh3 h6
16. Nf3 Nc6 17. Nb5 cxd4 18. Nfxd4 Nxd4 19. Nxd4 Qd7 20. g4 Nc5 21. Kh1 Kh7 22.
gxf5 exf5 23. Rg1 Ne6 24. Qg2 Qf7 25. Qxd5 Nxd4 26. Qxf7 Rxf7 27. Bxd4 Re8 28.
Bc3 g5 29. fxg5 hxg5 30. Rxg5 Bxe5 31. Re1 Kh6 32. Rg2 Rfe7 33. Rge2 Bd6 34.
Rxe7 Rxe7 35. Rxe7 Bxe7 36. Kg2 Kg5 37. Kf3 Bd6 38. Bd2+ Kh4 39. Bf4 Be7 40.
Bg3+ Kg5 41. Bf4+ Kh4 42. c4 Bf6 43. b3 Bd4 44. a3 Kh5 45. Bb8 a6 46. Kf4 Kg6
47. Ba7 Kf6 48. a4 Be5+ 49. Kf3 Bc7 50. c5 bxc5 51. Bxc5 Bxh2 0-1

[Event "Titled Tue 24th Jun Early"]
[Site "chess.com INT"]
[Date "2025.06.24"]
[Round "9"]
[White "Steinberg, Nitzan"]
[Black "Cernov, Henrik"]
[Result "0-1"]
[WhiteTitle "GM"]
[BlackTitle "FM"]
[WhiteElo "2554"]
[BlackElo "2325"]
[WhiteFideId "2801795"]
[BlackFideId "16258312"]
[EventDate "2025.06.24"]

1. e4 c5 2. Ne2 Nc6 3. d4 cxd4 4. Nxd4 Nf6 5. Nc3 e6 6. Nxc6 bxc6 7. Bd3 d5 8.
O-O Bd6 9. Qe2 d4 10. Nb1 e5 11. Nd2 O-O 12. Nc4 Bc7 13. b3 h6 14. a4 Be6 15.
Ba3 Re8 16. Rad1 Qd7 17. Nd2 Bd6 18. Bc1 Rac8 19. Bc4 Bb4 20. Bxe6 Qxe6 21. Nc4
Nd7 22. Rd3 f5 23. exf5 Qxf5 24. Rf3 Qe6 25. Rg3 e4 26. h4 Rf8 27. Qg4 Qxg4 28.
Rxg4 Nf6 29. Rg3 Nh5 30. Rg4 Nf6 31. Rg3 Nh5 32. Rh3 Nf4 33. Bxf4 Rxf4 34. h5
Rcf8 35. Rd1 Rxf2 36. Rxd4 Bc5 37. Rxe4 R2f4+ 38. Ree3 Bxe3+ 39. Rxe3 R4f5 40.
Re7 Rxh5 41. Rxa7 Rd5 42. Rc7 Rf6 43. a5 Rd1+ 44. Kh2 Ra1 45. b4 Ra2 46. Ne5
Rxc2 47. Nd7 Rff2 48. a6 Rxg2+ 49. Kh3 Rh2+ 50. Kg3 Rhg2+ 51. Kf3 Rgf2+ 52. Ke3
Rfe2+ 53. Kd4 Red2+ 54. Ke5 Rd5+ 55. Ke6 Re2+ 56. Ne5 Rexe5# 0-1